Normal view
MARC view
Entry Personal Name
001 - CONTROL NUMBER
- control field: 7041
003 - CONTROL NUMBER IDENTIFIER
- control field: OSt
005 - DATE AND TIME OF LATEST TRANSACTION
- control field: 20220718075000.0
008 - FIXED-LENGTH DATA ELEMENTS
- fixed length control field: 220718|| aca||aabn | a|a d
040 ## - CATALOGING SOURCE
- Original cataloging agency: OSt
- Transcribing agency: OSt
100 ## - HEADING--PERSONAL NAME
- Personal name: ဘို၊ ဦး။
670 ## - SOURCE DATA FOUND
- Source citation: Work cat.: (OSt): ဘို၊ ဦး။, အကာလိကော /, ထုတ်ဝေခုနှစ်မပါ။